000
00284nam a2200109Ia 4500
008
220204s9999 xx 000 0 und d
082
_a
017
_b
HAM
245
0
_a
Public and private morality
260
_a
Cambridge
_b
Cambridge University
_c
1978
700
_a
Hampshire, Stuart
942
_c
BK
999
_c
33248
_d
33248